000 00358 a2200157 4500
001 74983
020 _a9788516070960
040 _cAnchieta - Colégio São Paulo
100 _aBraick, Patrícia Ramos
240 1 0 _aEstudar História
_lpor
245 1 0 _aEstudar História
300 _a216
362 0 _a2011
650 4 _aHistória do mundo
942 _cBK
999 _c74983
_d74983